| 000 | 00674nam a2200229 a 4500 | ||
|---|---|---|---|
| 001 | 4435849 | ||
| 005 | 20180302080700.0 | ||
| 008 | 941121s1995 mau 000 0 eng | ||
| 010 | _a 94065163 | ||
| 020 | _a0312101376 | ||
| 040 |
_aDLC _cDLC |
||
| 041 | _aeng | ||
| 080 | _a808.831 CHAR | ||
| 082 | 0 | 0 |
_a808.831 CHAR _220 |
| 100 | _a21 | ||
| 101 | _aGJL | ||
| 245 | 0 | 4 |
_aThe Story and its writer : _c[edited by] Ann Charters. |
| 504 | _aIncludes bibliographical references. | ||
| 906 |
_a7 _bcbc _corignew _d2 _eopcn _f19 _gy-gencatlg |
||
| 942 |
_2ddc _cBK |
||
| 999 |
_c44057 _d44057 |
||